000 00524nam a2200193Ia 4500
003 LDD
008 181029s9999 xx 000 0 und d
020 _a195667670
_c695.00
040 _cLDD
100 _aBasu, Monmayee
245 0 _aWomen & law in india
_cMonmayee Basu
260 _aNew Delhi
_bOxford
_c2006
300 _axiv, 177p.
365 _b695.00
901 _a3884
_b15-03-2007
902 _a11607
_b22-03-2007
_cF
_dGBH
_e64
903 _aDiscount-10
_bReqst by : Aneja, Anu
942 _2ddc
_cBK
999 _c78687
_d78687